Normal view
MARC view
- Short stories, English.
Entry Topical Term
001 - CONTROL NUMBER
- control field: 20077
003 - CONTROL NUMBER IDENTIFIER
- control field: OSt
005 - DATE AND TIME OF LATEST TRANSACTION
- control field: 20170424090722.0
008 - FIXED-LENGTH DATA ELEMENTS
- fixed length control field: 170424|| aca||babn | a|a d
040 ## - CATALOGING SOURCE
- Original cataloging agency: OSt
150 ## - HEADING--TOPICAL TERM
- Topical term or geographic name entry element: Short stories, English.
